00649nam a2200205Ia 4500003000400000005001700004008004000021040000700061082001300068100003200081245005200113260004000165300000900205440001800214690002100232906001100253942001200264999001900276952014800295OSt20250821141938.0210210b2002 xxu||||| |||| 00| 0 eng d cAL a760 NATB aNational Geographic9236866 aBest of America a celebration in pictures Vol 2 aNew YorkbNational Geographicc2002 a144p aVol 29236867 aThe Arts9236868 a058008 2ddccBK c105298d105298 001040738Fine ArtsaALbALcRSd2021-02-17eIBH Magazine Services, Mumbai.g750.00l0o760 NATBp058008r2021-02-17 00:00:00w2021-02-17yBK